Produkt pod vplyvom silného lobingu a ochoty vlády
S Erichom Feixom o zakladaní stavebnej sporiteľne a vyhliadkach na trhu. Začiatok stavebného sporenia. Stavebné sporenie u nás a v zahraničí. Lobing pre štátnu prémiu. Novela zákona o stavebnom sporení a jej efekt. Konkurencia na trhu. Zdolávanie výziev.
Saved in:
| Main Author: | |
|---|---|
| Format: | Book Chapter |
| Language: | Slovak |
| Subjects: | |
| Tags: |
No Tags, Be the first to tag this record!
|
MARC
| LEADER | 00000naa$a2200000$$$4500 | ||
|---|---|---|---|
| 001 | 0081660 | ||
| 005 | 20240502071921.4 | ||
| 041 | 0 | |a slo | |
| 044 | |a SK | ||
| 245 | 1 | 0 | |a Produkt pod vplyvom silného lobingu a ochoty vlády |c Pavel Škriniar |
| 520 | |a S Erichom Feixom o zakladaní stavebnej sporiteľne a vyhliadkach na trhu. Začiatok stavebného sporenia. Stavebné sporenie u nás a v zahraničí. Lobing pre štátnu prémiu. Novela zákona o stavebnom sporení a jej efekt. Konkurencia na trhu. Zdolávanie výziev. | ||
| 610 | 2 | 0 | |a sporenie stavebné |
| 610 | 2 | 0 | |a klienti |
| 610 | 2 | 0 | |a zákony |
| 610 | 2 | 0 | |a prémie |
| 100 | 1 | |a Škriniar, Pavel, 1979- | |